[Event "TCh-BEL 2002-3"]
[Site "Belgium BEL"]
[Date "2002.12.08"]
[Round "4"]
[White "Nezar,M"]
[Black "Laurent,B"]
[Result "1/2-1/2"]
[WhiteElo "2320"]
[BlackElo "2257"]

1.c4 g6 2.d4 Nf6 3.g3 Bg7 4.Bg2 O-O 5.Nf3 d6 6.O-O a6 7.Nc3 Nc6 8.Re1 Rb8
9.Rb1 e5 10.h3 exd4 11.Nxd4 Nxd4 12.Qxd4 Bf5 13.Ra1 Ne4 14.Qe3 Nxc3 15.bxc3 Re8
16.Qd2 Qd7 17.g4 Be6 18.Qd3 Qa4 19.Bd5 b5 20.Bxe6 Rxe6 21.cxb5 Qxb5 22.Bd2 Qxd3
23.exd3 Rb2 24.Rxe6 fxe6 25.Be1 Kf7 26.Kf1 h5 27.a4 hxg4 28.hxg4 Kf6 29.a5 Bh6
30.Ra4 Bd2 31.Bxd2 Rxd2 32.d4 Ke7 33.Kg2 Rc2 34.Ra3 Kd7 35.Kg3 Kc6 36.f4 Kd5
37.Kh4 Rg2  1/2-1/2

[Event "Winter Cup"]
[Site "Bucharest ROM"]
[Date "2002.12.10"]
[Round "10"]
[White "Hrzic,I"]
[Black "Aldea,L"]
[Result "1/2-1/2"]
[WhiteElo "2302"]
[BlackElo "2296"]

1.Nf3 Nf6 2.c4 d6 3.d4 g6 4.g3 Bg7 5.Bg2 O-O 6.O-O Nc6 7.Nc3 e5 8.d5 Ne7
9.e4 Nd7 10.Nh4 a5 11.Be3 h6 12.Nb5 Nf6 13.Qc1 g5 14.Nf3 Ng4 15.c5 Nxe3 16.fxe3 f5
17.Qc4 fxe4 18.Nd2 Nf5 19.Rae1 c6 20.Nxd6 Nxd6 21.cxd6 Qxd6 22.Rxf8+ Bxf8
23.Bxe4 c5 24.Bc2 b5 25.Qxb5 Ba6 26.Qa4 Qxd5 27.Rd1 Be2 28.Be4 Qd8 29.Qb3+ Kg7
30.Bxa8 Bxd1 31.Qxd1 Qxa8 32.Nc4 Qe4 33.Qd7+ Kh8 34.Qf7 Bg7 35.a3 Kh7 36.h3 Qd3
37.Qf1 Qc2 38.Nxa5 Qxb2 39.Qd3+ Kh8 40.Nc4 Qa1+ 41.Kg2 Qa2+ 42.Kf3 Qh2 43.Qf1 Qc2
44.Qe2 Qb3 45.Kg4 Qb7 46.Qd3 Qf7 47.Qd8+ Kh7 48.Qd3+ Kh8  1/2-1/2

[Event "Friendship B"]
[Site "Roznov CZE"]
[Date "2002.12.14"]
[Round "9"]
[White "Jurek,J"]
[Black "Alfred,N"]
[Result "1/2-1/2"]
[WhiteElo "2350"]
[BlackElo "2251"]

1.d4 Nf6 2.c4 g6 3.Nf3 Bg7 4.g3 O-O 5.Bg2 d6 6.O-O Nc6 7.Nc3 a6 8.d5 Na5
9.Nd2 c5 10.Qc2 Rb8 11.b3 b5 12.Bb2 Bh6 13.f4 bxc4 14.bxc4 e5 15.dxe6 Bxe6
16.Nd5 Rxb2 17.Qxb2 Bxd5 18.cxd5 Bg7 19.Qa3 Ng4 20.Rab1 Bd4+ 21.Kh1 Ne3 22.Rfc1 Re8
23.Bf3 f5 24.Qa4 Re7 25.Nb3 Nxb3 26.Rxb3 c4 27.Rxc4 Nxc4 28.Qxc4 Bc5 29.Qc3 Re3
30.Qd2 Rxb3 31.axb3 Qb6 32.Qc3 Qb4 33.Qxb4 Bxb4 34.Kg2 Kf7 35.Kf2 Bc5+ 36.e3 a5
37.g4 Kf6 38.g5+ Kg7 39.Be2 h6  1/2-1/2

[Event "Christmas Open"]
[Site "Zadar CRO"]
[Date "2002.12.18"]
[Round "5"]
[White "Jankovic,A"]
[Black "Zufic,M"]
[Result "1/2-1/2"]
[WhiteElo "2329"]
[BlackElo "2321"]

1.d4 Nf6 2.Nf3 g6 3.g3 Bg7 4.Bg2 O-O 5.c4 d6 6.O-O Nc6 7.Nc3 a6 8.d5 Na5
9.Nd2 c5 10.Qc2 Rb8 11.b3 b5 12.Rb1 Bd7 13.Bb2 e5 14.dxe6 fxe6 15.cxb5 axb5
16.Nce4 Bc6 17.Qd3 Nxe4 18.Nxe4 Bxb2 19.Rxb2 Bxe4 20.Bxe4 Qf6 21.Rc2 d5 22.Bxd5 exd5
23.Qxd5+ Kh8 24.Qxc5 Rb6 25.Rd2 Nb7 26.Qb4 Nd6 27.e4 Re8 28.Re1 Nf7 29.f4 Rbb8
30.Rd7 Red8 31.Rxd8+ Rxd8 32.Qxb5 Rd2 33.Qb4 Ng5 34.Rf1 Rd4 35.Qb8+ Rd8 36.Qb4 Ne6
37.e5 Qf5 38.Qe7 Rd2 39.Rc1 Nf8 40.a4 Kg8 41.Qb4 Ra2 42.Qc4+ Kg7 43.a5 Qh3
44.Rc2 Ra1+ 45.Rc1 Ra2 46.Rc2 Ra1+  1/2-1/2

[Event "11th Donau Open"]
[Site "Aschach AUT"]
[Date "2002.12.31"]
[Round "7"]
[White "Jurek,J"]
[Black "Koeller,O"]
[Result "1-0"]
[WhiteElo "2350"]
[BlackElo "2250"]

1.Nf3 g6 2.d4 Nf6 3.c4 Bg7 4.g3 O-O 5.Bg2 d6 6.Nc3 c6 7.O-O Qa5 8.h3 Be6
9.d5 cxd5 10.Nd4 Bd7 11.Nb3 Qa6 12.cxd5 Rc8 13.e4 Be8 14.Re1 Nbd7 15.Bf1 Qb6
16.Be3 Qd8 17.Bd4 a6 18.a4 Ne5 19.Nd2 b5 20.axb5 axb5 21.Rxa8 Rxa8 22.Nxb5 Qa5
23.Bc3 Qb6 24.Nd4 Ra4 25.Nc2 h5 26.b3 Ra2 27.Kg2 Bb5 28.Bxb5 Qxb5 29.Nb4 Ra8
30.Qe2 Qc5 31.Nb1 h4 32.g4 Bh6 33.Nd3 Nxd3 34.Qxd3 Nd7 35.b4 Qb6 36.Qc4 Bf4
37.Bd4 Ne5 38.Bxe5 Bxe5 39.Nd2 Ra4 40.Rb1 Qa7 41.Rc1 Bf4 42.Rc2 Qb7 43.Qc6 Rxb4
44.Qe8+ Kg7 45.Rc8 Qxc8 46.Qxc8 Bxd2 47.Qc2 f6 48.Qxd2 Rxe4 49.f3 Re5 50.f4 Re4
51.Kf3 Ra4 52.Qe1 Ra3+ 53.Kg2 Rg3+ 54.Kh2 Kf8 55.Qe4 Kf7 56.g5  1-0

[Event "TCh-NOR Qualifier"]
[Site "NOR"]
[Date "2002.??.??"]
[Round "3"]
[White "Hanssen,G"]
[Black "Indbryn,T"]
[Result "1-0"]
[WhiteElo "2276"]
[BlackElo "2131"]

1.Nf3 Nf6 2.c4 g6 3.d4 Bg7 4.g3 O-O 5.Bg2 d6 6.O-O Nbd7 7.Nc3 a5 8.e4 e5
9.h3 exd4 10.Nxd4 Nc5 11.Re1 Re8 12.Qc2 Nfd7 13.Be3 Ne5 14.b3 a4 15.Rad1 axb3
16.axb3 Na6 17.Na2 Qe7 18.f4 Nd7 19.Nb5 Nf8 20.Nbc3 f5 21.Nd5 Qf7 22.Nac3 Be6
23.Bf2 Rad8 24.Kh2 c6 25.Ne3 Bxc3 26.Qxc3 fxe4 27.Bxe4 Bxh3 28.Kxh3 Rxe4
29.Ng4 Re6 30.Nh6+  1-0

[Event "Kaissa Open"]
[Site "Kharkov UKR"]
[Date "2003.01.29"]
[Round "8"]
[White "Kalinski,I"]
[Black "Gasanov,E"]
[Result "0-1"]
[WhiteElo "2247"]
[BlackElo "2435"]

1.c4 g6 2.d4 Nf6 3.Nf3 Bg7 4.g3 O-O 5.Bg2 d6 6.O-O Nc6 7.Nc3 e5 8.dxe5 Nxe5
9.Nxe5 dxe5 10.Qxd8 Rxd8 11.Bg5 Rd4 12.Rad1 Be6 13.b3 c6 14.Be3 Rd7 15.Na4 Rxd1
16.Rxd1 Nd7 17.Nc5 Nxc5 18.Bxc5 Bf8 19.Be3 f5 20.Kf1 Kf7 21.Ke1 Bb4+ 22.Bd2 a5
23.a4 Bxd2+ 24.Kxd2 Rd8+ 25.Kc2 Rxd1 26.Kxd1 b5 27.axb5 cxb5 28.cxb5 Bxb3+
29.Kc1 Ke6 30.Kb2 Bd5 31.Bxd5+ Kxd5 32.Kb3 Kc5 33.Ka4 Kb6 34.f4 e4 35.e3 h6
36.h3 g5 37.fxg5 hxg5  0-1

[Event "National I"]
[Site "Montpellier FRA"]
[Date "2003.02.02"]
[Round "3"]
[White "Pellaton,B"]
[Black "Touzane,O"]
[Result "1/2-1/2"]
[WhiteElo "2162"]
[BlackElo "2333"]

1.d4 Nf6 2.c4 g6 3.Nf3 Bg7 4.g3 O-O 5.Bg2 d6 6.O-O Nbd7 7.Nc3 e5 8.d5 a5
9.e4 Nc5 10.Ne1 Ne8 11.Nd3 b6 12.Nxc5 dxc5 13.Qe2 Nd6 14.a4 f5 15.f3 f4 16.Nb5 g5
17.Nxd6 Qxd6 18.g4 c6 19.Rd1 Rd8 20.b3 cxd5 21.Rxd5 Qc7 22.Rxd8+ Qxd8 23.Bb2 Be6
24.Rd1 Qc7 25.Qd2 Bf8 26.Qc3 Bd6 27.Qd2 Be7 28.Qc3 Bf6 29.Rd3 Rd8 30.Qd2 Rxd3
31.Qxd3 Kf7 32.Qd2 Ke7 33.Bc3 Qc8 34.h3 h5 35.Qe2 Qb8 36.Bf1 Bd7 37.Be1 Bc6
38.Qd3 Ke6 39.Bf2 Be7 40.Bg2 Qe8 41.Qd1 Kf6 42.Bf1 Bd7 43.Be1 Be6 44.Bf2 Qa8
45.Qd3 Qc8 46.Qd1 Bd8 47.Be1 Bc7 48.Bf2 Qg8 49.Be1 Qa8 50.Qc2 Qf8 51.Qf2 Qc8
52.Qe2 Qd7 53.Bf2 hxg4 54.hxg4 Qd8 55.Kg2 Qa8 56.Qc2 Qg8  1/2-1/2

[Event "FSIMB Feb"]
[Site "Budapest HUN"]
[Date "2003.02.05"]
[Round "5"]
[White "Goczo,M"]
[Black "Farago,S"]
[Result "0-1"]
[WhiteElo "2222"]
[BlackElo "2334"]

1.d4 Nf6 2.Nf3 g6 3.c4 Bg7 4.g3 d6 5.Bg2 O-O 6.O-O Nc6 7.Nc3 a6 8.Qc2 Rb8
9.Rd1 Bd7 10.e4 b5 11.cxb5 axb5 12.e5 Ne8 13.Bf4 Na5 14.Nd5 b4 15.b3 c6 16.Ne3 Rb7
17.d5 c5 18.Rac1 f6 19.e6 Bb5 20.h4 f5 21.Ng5 Nf6 22.Nf7 Rxf7 23.exf7+ Kxf7
24.Bf3 Qd7 25.h5 Rc7 26.hxg6+ hxg6 27.Qd2 Rc8 28.Kg2 Ne4 29.Bxe4 fxe4 30.Rh1 Bd3
31.Rh7 Rh8 32.Rch1 Rxh7 33.Rxh7 Kg8 34.Rh1 Nb7 35.Qd1 Nd8 36.Rh4 Nf7 37.Rg4 Nh8
38.Rh4 Bf6 39.Rh6 e5 40.Ng4 Bg7 41.Be3 Qf7 42.Rh4 Qxd5 43.Nh6+ Bxh6 44.Qg4 Qf7
45.Rxh6 Qf3+ 46.Qxf3 exf3+ 47.Kxf3 Bb1 48.Rh1 Bxa2 49.Rd1 Nf7 50.Rd3 Kf8
51.Kg4 Ke7 52.f3 Kf6 53.Bc1 e4 54.Bb2+ Ke6 55.fxe4 Bb1 56.Re3 Bc2 57.Kf4 Bd1
58.g4 g5+ 59.Kg3 Ne5 60.Bxe5 Kxe5 61.Rd3 Bc2 62.Rd5+ Kxe4 63.Rxd6 Bxb3 64.Rg6 Bd5
65.Rxg5 c4 66.Rf5 b3 67.Rf4+ Kd3 68.g5 b2 69.Rf1 c3 70.Rd1+ Kc4 71.g6 c2
72.Rxd5 c1=Q  0-1

[Event "Bermuda Open"]
[Site "Southampton BER"]
[Date "2003.02.09"]
[Round "5"]
[White "Fridman,D"]
[Black "Al Modiahki,M"]
[Result "1/2-1/2"]
[WhiteElo "2572"]
[BlackElo "2571"]

1.d4 Nf6 2.Nf3 g6 3.g3 Bg7 4.c4 O-O 5.Bg2 d6 6.Nc3 Nc6 7.O-O a6 8.h3 Rb8
9.e4 Nd7 10.Be3 Na5 11.b3 b5 12.cxb5 axb5 13.Rc1  1/2-1/2

[Event "FSIMB Feb"]
[Site "Budapest HUN"]
[Date "2003.02.11"]
[Round "11"]
[White "Farago,S"]
[Black "Resika,N"]
[Result "1-0"]
[WhiteElo "2334"]
[BlackElo "2184"]

1.d4 Nf6 2.Nf3 g6 3.c4 Bg7 4.g3 O-O 5.Bg2 d6 6.Nc3 c6 7.h3 Qb6 8.O-O Nbd7
9.Qc2 e5 10.Rd1 Re8 11.d5 cxd5 12.cxd5 Nc5 13.e4 Bd7 14.Be3 Rec8 15.Nd2 Qd8
16.a4 Qf8 17.Qb1 Bh6 18.Re1 a5 19.b3 Bxe3 20.Rxe3 Qh6 21.Re1 Nh5 22.Ne2 b5
23.Qd1 bxa4 24.bxa4 Rcb8 25.Nc3 Rb4 26.Bf1 Nf6 27.g4 Ne8 28.Nb5 Nxa4 29.Rxa4 Bxb5
30.Rxb4 Bxf1 31.Rb7 Ba6 32.Rb6 Qf8 33.Qa4 Nc7 34.Qd7 Qd8 35.Qxd8+ Rxd8  1-0

[Event "Hotel Opatija GM Feb"]
[Site "Rijeka CRO"]
[Date "2003.02.13"]
[Round "11"]
[White "Mikhalchishin,A"]
[Black "Fercec,N"]
[Result "1-0"]
[WhiteElo "2561"]
[BlackElo "2484"]

1.Nf3 Nf6 2.c4 g6 3.d4 Bg7 4.g3 O-O 5.Bg2 d6 6.O-O c6 7.Nc3 Qa5 8.e4 Bg4
9.h3 Bxf3 10.Bxf3 Nbd7 11.a3 c5 12.d5 a6 13.Be2 Rfe8 14.Bd2 Qc7 15.Qc2 e6
16.Rae1 Re7 17.f4 Rae8 18.Bf3 exd5 19.exd5 Qb8 20.a4 Nb6 21.b3 Na8 22.g4 h6
23.Kg2 Nc7 24.a5 b5 25.axb6 Qxb6 26.Rxe7 Rxe7 27.Re1 Rxe1 28.Bxe1 Nce8 29.Bd2 Nd7
30.h4 Qd8 31.g5 hxg5 32.hxg5 Bd4 33.Bg4 Bg7 34.Ne2 Qe7 35.Qd3 Ba1 36.Nc3 f5
37.Bf3 Nf8 38.Kf2 Ng7 39.Qb1 Bxc3 40.Bxc3 Nh5 41.Bd2 Qh7 42.Qa1 Qb7 43.Bxh5 gxh5
44.Qf6 Qg7 45.Qxf5 Qb2 46.Qd3  1-0

[Event "11th Vasja Pirc Mem"]
[Site "Maribor SLO"]
[Date "2003.02.18"]
[Round "2"]
[White "Mikhalchishin,A"]
[Black "Ragger,M"]
[Result "1-0"]
[WhiteElo "2561"]
[BlackElo "2265"]

1.Nf3 Nf6 2.c4 g6 3.d4 Bg7 4.g3 O-O 5.Bg2 d6 6.O-O c6 7.Nc3 Bf5 8.Ne1 Be6
9.d5 cxd5 10.cxd5 Bd7 11.Be3 Qa5 12.a3 Rc8 13.Bd4 Na6 14.Nd3 Rc4 15.e3 Ne8
16.Qb3 Rc7 17.Bxg7 Nxg7 18.Rfc1 Rac8 19.Bf1 b5 20.Qd1 Qb6 21.Qd2 Nc5 22.Nxc5 Rxc5
23.b4 R5c7 24.Ne2 Ne8 25.Rxc7 Rxc7 26.Rc1 Nf6 27.Rxc7 Qxc7 28.Nc3 Qb6 29.f3 a6
30.Kg2 Bc8 31.e4 Bb7 32.Qf2 Qc7 33.Qd4 Nd7 34.Kf2 Nb6 35.Be2 Bc8 36.f4 Nd7
37.h3 e5 38.dxe6 fxe6 39.h4 Qb6 40.Ke3 Qc7 41.Kf2 e5 42.Nd5 exd4 43.Nxc7 Nb6
44.Ne8 d5 45.Nf6+ Kg7 46.Nxd5 Nxd5 47.exd5 Kf6 48.g4 Ke7 49.Kf3 Kd6 50.Ke4  1-0

[Event "Open"]
[Site "Portsmouth ENG"]
[Date "2003.02.22"]
[Round "3"]
[White "Kemp,Pe"]
[Black "Buckley,Si"]
[Result "1/2-1/2"]
[WhiteElo "2192"]
[BlackElo "2266"]

1.d4 d6 2.Nf3 Nf6 3.g3 g6 4.Bg2 Bg7 5.c4 O-O 6.Nc3 a6 7.O-O Nc6 8.b3 Rb8
9.a4 a5 10.Bb2 Nb4 11.e4 Bg4 12.h3 Bxf3 13.Qxf3 Nd7 14.Rad1 c6 15.Ne2 Qc7
16.Nf4 e5 17.Nd3 Na6 18.d5 cxd5 19.cxd5 Qb6 20.Ba3 f5 21.Qe3 Qxe3 22.fxe3 fxe4
23.Bxe4 Nf6 24.Bg2 Rfd8 25.Rc1 Ne8 26.Nf2 b5 27.Ne4 bxa4 28.bxa4 Bh6 29.Rc3 Nb4
30.Rd1 Rdc8 31.Bxb4 axb4 32.Rb3 Rc2  1/2-1/2

[Event "6th Open"]
[Site "Malaga ESP"]
[Date "2003.02.23"]
[Round "3"]
[White "Jaime Montalvan,L"]
[Black "De la Paz,F"]
[Result "0-1"]
[WhiteElo "2307"]
[BlackElo "2441"]

1.d4 Nf6 2.c4 g6 3.g3 Bg7 4.Bg2 O-O 5.Nf3 d6 6.O-O Nc6 7.Nc3 a6 8.Re1 Bd7
9.e4 e5 10.d5 Ne7 11.c5 Ne8 12.cxd6 cxd6 13.Qb3 b5 14.a4 bxa4 15.Nxa4 f5
16.exf5 Nxf5 17.Bg5 Bf6 18.Bd2 Rb8 19.Qa3 Bb5 20.Nc3 Bc4 21.Bf1 Bxf1 22.Kxf1 Qd7
23.Qxa6 Rxb2 24.Reb1 Nd4 25.Rxb2 Qh3+ 26.Ke1 Nxf3+ 27.Kd1 Qxh2 28.Qf1 e4
29.Ra4 e3 30.fxe3 Nxd2 31.Rxd2 Qxd2+ 32.Kxd2 Bxc3+ 33.Ke2 Rxf1 34.Kxf1 Nf6
35.e4 Be5 36.Kg2 Kg7 37.Kf3 Kh6 38.Ra2 Kg5 39.Rg2 h6 40.Rg1 Nh5 41.g4 Nf6
42.Rg2 Nxg4  0-1

[Event "ch-RUS w 1st League"]
[Site "Serpukhov RUS"]
[Date "2003.02.24"]
[Round "5"]
[White "Kursova,M"]
[Black "Tarasova,V"]
[Result "1/2-1/2"]
[WhiteElo "2251"]
[BlackElo "2096"]

1.d4 Nf6 2.Nf3 g6 3.c4 Bg7 4.g3 d6 5.Bg2 O-O 6.Nc3 Nc6 7.O-O e5 8.d5 Ne7
9.e4 Nd7 10.Ne1 f5 11.Nd3 h6 12.f4 exf4 13.Nxf4 Ne5 14.Qb3 fxe4 15.Nxe4 Nf5
16.Ne6 Bxe6 17.dxe6 Rb8 18.c5 d5 19.Nf2 c6 20.Bf4 Nd4 21.Qd1 g5 22.Bxe5 Bxe5
23.Ng4 Rxf1+ 24.Qxf1 Bg7 25.Qf7+ Kh8 26.Rf1 Qe8 27.Bh3 Qxe6 28.Qxe6 Nxe6
29.Nxh6 Bxh6 30.Bxe6  1/2-1/2

[Event "10th Metalis Open"]
[Site "Bizovac CRO"]
[Date "2003.03.01"]
[Round "6"]
[White "Medic,Mir"]
[Black "Raljic,M"]
[Result "1-0"]
[WhiteElo "2308"]
[BlackElo "2094"]

1.d4 Nf6 2.Nf3 g6 3.g3 Bg7 4.Bg2 O-O 5.c4 d6 6.O-O c5 7.Nc3 Nc6 8.d5 Na5
9.Nd2 e5 10.h3 Kh8 11.e4 Ng8 12.b3 f5 13.Nf3 Bf6 14.Bb2 Nh6 15.Qd2 Nf7 16.Kh2 a6
17.exf5 gxf5 18.Ne1 b6 19.f4 e4 20.g4 Re8 21.g5 Bg7 22.Ne2 Rg8 23.Ng3 Bxb2
24.Qxb2+ Rg7 25.Nh5 Qf8 26.Nc2 Bd7 27.Ne3 Nd8 28.h4 Qf7 29.Qxg7+ Qxg7 30.Nxg7 Kxg7
31.Bh3 Nf7 32.Nxf5+ Bxf5 33.Bxf5 Re8 34.Rae1 e3 35.Be6 b5 36.cxb5 axb5 37.Rxe3 c4
38.b4 Nb7 39.Rfe1  1-0

[Event "FSIMB March"]
[Site "Budapest HUN"]
[Date "2003.03.01"]
[Round "1"]
[White "Zhidkov,V"]
[Black "Farago,S"]
[Result "1-0"]
[WhiteElo "2372"]
[BlackElo "2334"]

1.d4 Nf6 2.Nf3 g6 3.c4 Bg7 4.g3 d6 5.Bg2 O-O 6.O-O c6 7.Nc3 a6 8.e4 b5 9.e5 Ne8
10.Qe2 Nc7 11.Rd1 bxc4 12.Qxc4 Be6 13.Qa4 h6 14.Bf4 g5 15.Bd2 Qd7 16.h4 g4
17.Ne1 Ra7 18.Nd3 Bf5 19.Nf4 c5 20.Qxd7 Nxd7 21.exd6 exd6 22.dxc5 dxc5 23.Rac1 Rb8
24.b3 Nb5 25.Ncd5 Re8 26.Re1 Rxe1+ 27.Rxe1 Kf8 28.Ne3  1-0

[Event "Jch-RUS b20"]
[Site "Essentuki RUS"]
[Date "2003.03.02"]
[Round "1"]
[White "Torbin,K"]
[Black "Kurnosov,I"]
[Result "1-0"]
[WhiteElo "2387"]
[BlackElo "2477"]

1.Nf3 Nf6 2.d4 g6 3.c4 Bg7 4.g3 O-O 5.Bg2 d6 6.O-O Nc6 7.d5 Na5 8.Nfd2 Ng4
9.h3 Ne5 10.Qc2 c6 11.f4 Nd7 12.Nc3 cxd5 13.Nxd5 Nb6 14.Rb1 Nxd5 15.cxd5 Bf5
16.e4 Rc8 17.Qd3 Bd7 18.b4 Rc3 19.Qe2 Nc4 20.Nxc4 Bb5 21.Qf2 Bxc4 22.Rd1 Qb6
23.Qxb6 axb6 24.Bb2 Rxg3 25.Kf2 Rd3 26.Bxg7 Kxg7 27.Rxd3 Bxd3 28.Rb3 Bb5
29.Rc3 Ra8 30.Rc7 Kf8 31.Rxb7 Rxa2+ 32.Kg1 Ra1+ 33.Kf2 Ra6 34.e5 Bc4 35.Be4 b5
36.Rb8+ Kg7 37.Rb7 Ra2+ 38.Ke3 dxe5 39.fxe5 f5 40.Bh1 Ra1 41.Bg2 Ra2 42.Bh1 Ra3+
43.Kd4 Rxh3 44.Bg2 Rg3 45.Bh1 Kf8 46.Rb8+ Kg7 47.Rb7 Rd3+ 48.Kc5 Kf8 49.Rb8+ Kf7
50.Rb7 f4 51.Be4 Re3 52.Kd4 Rxe4+ 53.Kxe4 f3 54.e6+ Kf6 55.Rb8 Kg7  1-0

[Event "57th ch-POL w"]
[Site "Sroda Wlkp POL"]
[Date "2003.03.04"]
[Round "6"]
[White "Krupa,M"]
[Black "Nowak,D"]
[Result "1-0"]
[WhiteElo "2248"]
[BlackElo "2098"]

1.Nf3 Nf6 2.d4 g6 3.c4 Bg7 4.g3 O-O 5.Bg2 d6 6.O-O Nc6 7.d5 Na5 8.Nfd2 c5
9.Nc3 a6 10.Qc2 Rb8 11.b3 b5 12.Bb2 Qc7 13.Rab1 Bd7 14.Ba1 Rb7 15.e4 Rfb8
16.h3 bxc4 17.bxc4 Rb4 18.Qd3 R8b6 19.f4 Qb8 20.Rbe1 Ne8 21.e5 dxe5 22.fxe5 Bxe5
23.Rxe5 Qxe5 24.Nce4 Qc7 25.Qc3 f6 26.d6 Rxd6 27.Nxd6 Qxd6 28.Bd5+ Be6 29.Ne4 Qd7
30.Nxc5 Qa7 31.Bxe6+ Kg7 32.Qxb4  1-0

[Event "FSIMB March"]
[Site "Budapest HUN"]
[Date "2003.03.08"]
[Round "8"]
[White "Zhidkov,V"]
[Black "Schneider,At"]
[Result "1/2-1/2"]
[WhiteElo "2372"]
[BlackElo "2302"]

1.d4 Nf6 2.Nf3 g6 3.c4 Bg7 4.g3 O-O 5.Bg2 d6 6.O-O Nc6 7.Nc3 e5 8.dxe5 dxe5
9.Bg5 Be6 10.Qa4 Qc8 11.Rfd1 Nd7 12.Nd5 Nb6 13.Qc2 h6 14.Be3 Re8 15.a3 Kh7
16.Rac1 Bg4 17.b4 Bxf3 18.exf3 Nd4 19.Qa2 c6 20.Nc3 Qe6 21.Ne4 Rad8 22.Nc5 Qe7
23.Re1  1/2-1/2

[Event "69th ch-BLR"]
[Site "Minsk BLR"]
[Date "2003.03.08"]
[Round "9"]
[White "Lukashok,A"]
[Black "Kovalev,A"]
[Result "0-1"]
[WhiteElo "2384"]
[BlackElo "2539"]

1.d4 Nf6 2.c4 d6 3.Nf3 g6 4.g3 Bg7 5.Bg2 O-O 6.O-O c6 7.Nc3 Bf5 8.Nh4 Bd7
9.b3 Na6 10.h3 Rb8 11.a4 Re8 12.Ba3 Nc7 13.Nf3 b5 14.axb5 cxb5 15.cxb5 Nxb5
16.Nxb5 Rxb5 17.Qd3 Qb8 18.Nd2 Bh6 19.b4 Nd5 20.Rfb1 Nxb4 21.Bxb4 Rxb4 22.Rxb4 Qxb4
23.e3 Bf5 24.Ne4 Rc8 25.g4 Bxe4 26.Qxe4 Bf8 27.Rxa7 Qe1+ 28.Bf1 Rc1 29.Qg2 d5
30.Ra2 e6 31.g5 Bd6 32.h4 Kg7 33.Qh3 Qd1 34.Ra6 Bc7 35.Ra2 e5 36.dxe5 Bxe5  0-1

[Event "Mediteranian Flower WGM"]
[Site "Rejika CRO"]
[Date "2003.03.09"]
[Round "3"]
[White "Medic,Mir"]
[Black "Kaps,D"]
[Result "1-0"]
[WhiteElo "2308"]
[BlackElo "2246"]

1.d4 Nf6 2.Nf3 g6 3.g3 Bg7 4.c4 O-O 5.Bg2 d6 6.O-O Nc6 7.Nc3 a6 8.b3 Rb8
9.Nd5 b5 10.Nxf6+ Bxf6 11.Bh6 Re8 12.Rc1 bxc4 13.Rxc4 Nb4 14.Qd2 Nd5 15.Rfc1 Bb7
16.R4c2 c6 17.e4 Nb6 18.Qe1 Bg7 19.Bxg7 Kxg7 20.e5 d5 21.h4 e6 22.Qd2 Nd7
23.Bf1 Qe7 24.Ne1 c5 25.dxc5 Nxe5 26.c6 Nxc6 27.Rxc6 Bxc6 28.Rxc6 Rbd8 29.Bxa6 e5
30.Nd3 e4 31.Nf4 d4 32.Bb5 e3 33.Qc2 Qb4 34.a4 Qd2 35.fxe3 dxe3 36.Kf1 Re5
37.Be2 Qb4 38.Qc3 Qe4 39.Kg1 f6 40.Rc7+ Kh6 41.Rxh7+ Kxh7 42.Qc7+ Re7 43.Qxd8 Qb4
44.Kg2 Kg7 45.Qd3 f5 46.Nd5 Qb7 47.Qd4+ Kf7 48.Qf6+  1-0

[Event "Jch-RUS b20"]
[Site "Essentuki RUS"]
[Date "2003.03.12"]
[Round "10"]
[White "Grachev,B"]
[Black "Kurnosov,I"]
[Result "0-1"]
[WhiteElo "2483"]
[BlackElo "2477"]

1.Nf3 g6 2.d4 Nf6 3.c4 Bg7 4.g3 O-O 5.Bg2 d6 6.Nc3 Nc6 7.O-O Bf5 8.b3 e5
9.d5 Ne7 10.Ne1 e4 11.Nc2 Qd7 12.Qd2 Rae8 13.Bb2 Bh3 14.Ne3 h5 15.Rae1 h4
16.Ncd1 Bxg2 17.Nxg2 Nf5 18.Nge3 Nxe3 19.Nxe3 Qh3 20.Bd4 Re5 21.Bxe5 dxe5
22.Qc3 Re8 23.Kh1 Bh6 24.Rg1 Bxe3 25.gxh4 Ng4 26.Rxg4 Qxg4 27.Qxe3 Qxh4 28.Rg1 b6
29.Qg3 Qf6 30.Kg2 Kg7 31.Qg4 Qf4 32.Qxf4 exf4 33.Rd1 Rd8 34.Rd4 f5 35.f3 Kf6
36.Rd1 Ke5 37.Kf2 Rh8 38.Kg2 Rd8 39.Kf2 g5 40.h3 Rh8 41.Kg2 Rh6 42.a3 Rg6
43.b4 e3 44.c5 bxc5 45.bxc5 Rg7 46.c6 Rg6 47.h4 g4 48.Kh2 Rh6  0-1

[Event "TCh-FIN 2002-3"]
[Site "Finland FIN"]
[Date "2003.03.16"]
[Round "9"]
[White "Parkkinen,J"]
[Black "Nieminen,K"]
[Result "1-0"]
[WhiteElo "2192"]
[BlackElo "2187"]

1.d4 Nf6 2.c4 g6 3.Nf3 Bg7 4.g3 O-O 5.Bg2 d6 6.O-O Nbd7 7.Nc3 e5 8.e4 a6
9.b3 Rb8 10.Bb2 Re8 11.dxe5 dxe5 12.Qc2 c6 13.Rfd1 Qa5 14.a3 b5 15.cxb5 cxb5
16.b4 Qc7 17.Rac1 Bb7 18.Qe2 Qb6 19.Nd2 Qe6 20.Nf1 Nb6 21.Ne3 Bh6 22.Ncd5 Nfxd5
23.exd5 Qd6 24.Rc2 Rbd8 25.Qd3 Re7 26.f4 Bg7 27.fxe5 Bxe5 28.Bxe5 Qxe5 29.Ng4 Qg7
30.d6 Red7 31.Bxb7 Rxd6 32.Qxd6 Rxd6 33.Rxd6 Qa1+ 34.Kg2 Nc4 35.Rd8+ Kg7
36.Rf2 h5 37.Nf6 Ne3+ 38.Kh3 Nf5 39.Nxh5+ Kh6 40.g4 Qc3+ 41.Rf3 Qc7 42.Rh8+ Kg5
43.Rxf5+  1-0

[Event "19th Spring Fest"]
[Site "Budapest HUN"]
[Date "2003.03.18"]
[Round "5"]
[White "Zilahi,G"]
[Black "Morvay,J"]
[Result "1/2-1/2"]
[WhiteElo "2079"]
[BlackElo "2226"]

1.Nf3 Nf6 2.d4 g6 3.g3 Bg7 4.Bg2 O-O 5.c4 d6 6.Nc3 c6 7.h3 Qc7 8.O-O Nbd7
9.e4 e5 10.d5 Nc5 11.Qe2 a5 12.b3 Re8 13.Ba3 cxd5 14.cxd5 b6 15.Rfc1 Bh6
16.Nd2 Ba6 17.Qd1 Qd7 18.b4 axb4 19.Bxb4 Rec8 20.Bxc5 bxc5 21.Rcb1 Bd3 22.Rb2 Rab8
23.Rxb8 Rxb8 24.Nb3 c4 25.Nc1 Bxc1 26.Qxc1 Qa7 27.a4 Qa5 28.Nb5 Nd7 29.Nxd6 c3
30.Nb5 c2 31.Bf1 Bxe4 32.d6 Qb4 33.Qe3 Rc8 34.Rc1 Qxa4 35.Nc3 Rxc3 36.Qxc3 Qd4
37.Rxc2 Bxc2 38.Qxc2 Qxd6 39.Qc8+ Kg7 40.Qd8 Qe6 41.Qc7  1/2-1/2

[Event "HUN-SLO Jun"]
[Site "Szombathely HUN"]
[Date "2003.03.29"]
[Round "2"]
[White "Ignacz,M"]
[Black "Svent,S"]
[Result "1-0"]
[WhiteElo "2098"]
[BlackElo "1981"]

1.d4 Nf6 2.c4 g6 3.Nf3 Bg7 4.g3 O-O 5.Bg2 d6 6.O-O c5 7.dxc5 dxc5 8.Ne5 Nfd7
9.Nd3 Nc6 10.Nc3 Nb6 11.Nxc5 Nxc4 12.Qb3 Nb6 13.Be3 e5 14.Rfd1 Qe7 15.N3e4 Kh8
16.Bg5 f6 17.Be3 Nd4 18.Bxd4 exd4 19.Rac1 f5 20.Nd2 Qxe2 21.Nf3 d3 22.Nxd3 Qe7
23.Nc5 f4 24.Nd4 fxg3 25.Qxg3 Be5 26.Qe3 Qf6 27.Ne4 Qg7 28.Rc5 Na4 29.Rc2 Bf5
30.b3 Nb6 31.Nf3 Rae8 32.Nxe5 Rxe5 33.Rd4 Rfe8 34.Rcd2 Qe7 35.Qc3 Kg8 36.Ng3 Re1+
37.Nf1 Qg5 38.a4 Be4 39.Qg3 Qxg3 40.hxg3 Bxg2 41.Kxg2 Rb1 42.Rd8 Kf7 43.a5 Nc8
44.R2d7+ Re7 45.Rd3 Rc1 46.Ne3 b6 47.Nc4 Rc7 48.R3d7+ Rxd7 49.Rxd7+ Ne7 50.Rxa7 bxa5
51.Nxa5 Rc5 52.b4 Rc3 53.b5 Ke6 54.b6 Nc6 55.b7 Nb8 56.Ra8  1-0

[Event "TSIM March"]
[Site "Subotica YUG"]
[Date "2003.03.31"]
[Round "9"]
[White "Micic,C"]
[Black "Stojkovic,Mir"]
[Result "1-0"]
[WhiteElo "2408"]
[BlackElo "2273"]

1.d4 Nf6 2.c4 g6 3.Nf3 Bg7 4.g3 O-O 5.Bg2 d6 6.O-O Nc6 7.e3 e5 8.d5 Ne7 9.Nc3 Nd7
10.e4 f5 11.Ng5 Nc5 12.b4 Nxe4 13.Ncxe4 fxe4 14.Bxe4 h6 15.Ne6 Bxe6 16.dxe6 c6
17.b5 cxb5 18.cxb5 d5 19.Bg2 Qd6 20.a4 Qxe6 21.Qb3 e4 22.Ra2 Kh8 23.Rd2 Rad8
24.Rfd1 e3 25.Qxe3 Qxe3 26.fxe3 Nf5 27.e4  1-0

[Event "XII It III"]
[Site "Dos Hermanas ESP"]
[Date "2003.04.04"]
[Round "7"]
[White "Komljenovic,D"]
[Black "Pereira Figueroa,M"]
[Result "1-0"]
[WhiteElo "2431"]
[BlackElo "2060"]

1.d4 Nf6 2.c4 g6 3.Nf3 Bg7 4.g3 O-O 5.Bg2 d6 6.O-O Nbd7 7.Nc3 e5 8.e4 exd4
9.Nxd4 Re8 10.h3 a6 11.Re1 Rb8 12.Bf4 Nh5 13.Be3 Nhf6 14.Rb1 Ne5 15.b3 c5
16.Nc2 Nc6 17.Qd2 Be6 18.f4 Qa5 19.a3 h5 20.Bf2 Rbd8 21.b4 Qc7 22.Nd5 Qc8
23.bxc5 dxc5 24.Qc1 Na7 25.Nb6 Qb8 26.a4 Nd7 27.Nd5 Nc6 28.e5 Qc8 29.Nce3 Nd4
30.Kh2 Kh8 31.a5 Nxe5 32.fxe5 Bxe5 33.h4 f6 34.Nc2 Nf5 35.Rxe5 fxe5 36.Qg5 Rg8
37.Nce3 Rg7 38.Nf6 Rf8 39.Nxf5 Rxf6 40.Qxf6 Bxf5 41.Rxb7 Qg8 42.Qxg7+  1-0

[Event "FSIMB April"]
[Site "Budapest HUN"]
[Date "2003.04.06"]
[Round "2"]
[White "Horvath,An"]
[Black "Werner,Di"]
[Result "0-1"]
[WhiteElo "2278"]
[BlackElo "2359"]

1.d4 Nf6 2.c4 g6 3.Nf3 Bg7 4.g3 O-O 5.Bg2 d6 6.O-O Nc6 7.d5 Na5 8.Nfd2 c6
9.Nc3 Ng4 10.Qc2 Bf5 11.e4 Bd7 12.b3 cxd5 13.exd5 b5 14.Bb2 bxc4 15.bxc4 Rb8
16.Nd1 Bxb2 17.Nxb2 Qb6 18.Rab1 Qd4 19.Ne4 Bf5 20.Rfd1 Qg7 21.Rd2 Rfc8 22.Rc1 Qh6
23.h4 Ne5 24.Rd4 Rc7 25.Qc3 Rcb7 26.Rc2 Rb4 27.f4 Ng4 28.Rcd2 Qg7 29.Bf3 Nb3
30.Bxg4 Nxd2 31.Nxd2 Rxb2 32.Bf3 Rxa2 33.Qe3 Ra3 34.Qf2 Rb2 35.Kg2 Raa2  0-1

[Event "XII It III"]
[Site "Dos Hermanas ESP"]
[Date "2003.04.06"]
[Round "9"]
[White "Lalic,B"]
[Black "Lakos,N"]
[Result "1/2-1/2"]
[WhiteElo "2547"]
[BlackElo "2350"]

1.d4 Nf6 2.c4 g6 3.Nf3 Bg7 4.g3 O-O 5.Bg2 d6 6.O-O Nc6 7.Nc3 a6 8.b3 Rb8
9.Nd5 Bg4 10.Bb2 Bxf3 11.Bxf3  1/2-1/2

[Event "IM"]
[Site "Evry FRA"]
[Date "2003.04.18"]
[Round "9"]
[White "David,Vi"]
[Black "Simon,O"]
[Result "0-1"]
[WhiteElo "2351"]
[BlackElo "2293"]

1.d4 Nf6 2.c4 g6 3.Nf3 Bg7 4.g3 O-O 5.Bg2 d6 6.O-O Nc6 7.d5 Na5 8.Nbd2 c5
9.Ne1 b5 10.cxb5 Qb6 11.Nc2 a6 12.Rb1 axb5 13.b4 cxb4 14.Nxb4 Bd7 15.h3 Rac8
16.a4 e5 17.dxe6 fxe6 18.axb5 Bxb5 19.Nc2 Qa6 20.Nd4 Bd7 21.Bb2 e5 22.N4f3 Bb5
23.Re1 Rfe8 24.Ne4 Nxe4 25.Qd5+ Kh8 26.Qxe4 Nc4 27.Qh4 Rc7 28.Rec1 Qc8 29.Bc3 Bc6
30.Ng5 Bf6 31.Bxc6 Bxg5 32.Qxg5 Rxc6 33.e4 Kg7 34.Ra1 Rc7 35.Rd1 Qxh3 36.Rxd6 Nxd6
37.Bxe5+ Kg8 38.Bxd6 Rf7 39.Bb4 Qe6 40.Re1 Qc4 41.Ba3 Rf3  0-1